<?xml version="1.0" encoding="UTF-8"?>
<record
    xmlns:xsi="http://www.w3.org/2001/XMLSchema-instance"
    xsi:schemaLocation="http://www.loc.gov/MARC21/slim http://www.loc.gov/standards/marcxml/schema/MARC21slim.xsd"
    xmlns="http://www.loc.gov/MARC21/slim">

  <leader>02287nam0a2200385   4500</leader>
  <controlfield tag="001">RU\NLR\BIBL_A\012692532</controlfield>
  <controlfield tag="005">20220329150357.0</controlfield>
  <datafield tag="010" ind1=" " ind2=" ">
    <subfield code="a">978-5-00128-651-6</subfield>
    <subfield code="9">500</subfield>
  </datafield>
  <datafield tag="021" ind1=" " ind2=" ">
    <subfield code="a">RU</subfield>
    <subfield code="b">&#x41A;&#x41D;-&#x41F;-21-065713</subfield>
    <subfield code="9">&#x41A;&#x41D;-&#x41F;-21-5186</subfield>
  </datafield>
  <datafield tag="035" ind1=" " ind2=" ">
    <subfield code="a">(NLR Aleph) 012692532</subfield>
  </datafield>
  <datafield tag="035" ind1=" " ind2=" ">
    <subfield code="a">(RuMoRGB)010814776</subfield>
  </datafield>
  <datafield tag="090" ind1=" " ind2=" ">
    <subfield code="a">12851721</subfield>
    <subfield code="c">12851721</subfield>
  </datafield>
  <datafield tag="100" ind1=" " ind2=" ">
    <subfield code="a">20220125d2020    k  y0rusy50      ca</subfield>
  </datafield>
  <datafield tag="101" ind1="0" ind2=" ">
    <subfield code="a">rus</subfield>
  </datafield>
  <datafield tag="102" ind1=" " ind2=" ">
    <subfield code="a">RU</subfield>
  </datafield>
  <datafield tag="105" ind1=" " ind2=" ">
    <subfield code="a">y|||z|||000zy</subfield>
  </datafield>
  <datafield tag="181" ind1=" " ind2="0">
    <subfield code="a">i4</subfield>
    <subfield code="b">axxe  </subfield>
  </datafield>
  <datafield tag="182" ind1=" " ind2="0">
    <subfield code="a">n</subfield>
  </datafield>
  <datafield tag="200" ind1="1" ind2=" ">
    <subfield code="a">&#x41E;&#x440;&#x433;&#x430;&#x43D;&#x438;&#x437;&#x430;&#x446;&#x438;&#x44F; &#x440;&#x430;&#x431;&#x43E;&#x442;&#x44B; &#x441; &#x440;&#x43E;&#x434;&#x438;&#x442;&#x435;&#x43B;&#x44F;&#x43C;&#x438; &#x441;&#x435;&#x43C;&#x435;&#x439;, &#x438;&#x43C;&#x435;&#x44E;&#x449;&#x438;&#x445; &#x442;&#x430;&#x43B;&#x430;&#x43D;&#x442;&#x43B;&#x438;&#x432;&#x44B;&#x445; &#x438; &#x43E;&#x434;&#x430;&#x440;&#x435;&#x43D;&#x43D;&#x44B;&#x445; &#x434;&#x435;&#x442;&#x435;&#x439;</subfield>
    <subfield code="e">&#x43C;&#x435;&#x442;&#x43E;&#x434;&#x438;&#x447;&#x435;&#x441;&#x43A;&#x438;&#x435; &#x440;&#x435;&#x43A;&#x43E;&#x43C;&#x435;&#x43D;&#x434;&#x430;&#x446;&#x438;&#x438;</subfield>
    <subfield code="f">&#x428;. &#x411;. &#x411;&#x430;&#x439;&#x43C;&#x443;&#x440;&#x437;&#x430;&#x435;&#x432;&#x430;</subfield>
  </datafield>
  <datafield tag="203" ind1=" " ind2=" ">
    <subfield code="a">&#x422;&#x435;&#x43A;&#x441;&#x442;</subfield>
    <subfield code="b">&#x432;&#x438;&#x437;&#x443;&#x430;&#x43B;&#x44C;&#x43D;&#x44B;&#x439;</subfield>
    <subfield code="c">&#x43D;&#x435;&#x43F;&#x43E;&#x441;&#x440;&#x435;&#x434;&#x441;&#x442;&#x432;&#x435;&#x43D;&#x43D;&#x44B;&#x439;</subfield>
  </datafield>
  <datafield tag="210" ind1=" " ind2=" ">
    <subfield code="a">&#x41C;&#x430;&#x445;&#x430;&#x447;&#x43A;&#x430;&#x43B;&#x430;</subfield>
    <subfield code="c">&#x410;&#x41B;&#x415;&#x424;</subfield>
    <subfield code="d">2020</subfield>
  </datafield>
  <datafield tag="215" ind1=" " ind2=" ">
    <subfield code="a">15 &#x441;.</subfield>
    <subfield code="d">21</subfield>
  </datafield>
  <datafield tag="320" ind1=" " ind2=" ">
    <subfield code="a">&#x411;&#x438;&#x431;&#x43B;&#x438;&#x43E;&#x433;&#x440;.: &#x441;. 15 (6 &#x43D;&#x430;&#x437;&#x432;.)</subfield>
  </datafield>
  <datafield tag="330" ind1=" " ind2=" ">
    <subfield code="a">&#x412;&#x430;&#x436;&#x43D;&#x44B;&#x43C; &#x43C;&#x43E;&#x43C;&#x435;&#x43D;&#x442;&#x43E;&#x43C; &#x440;&#x430;&#x431;&#x43E;&#x442;&#x44B; &#x441; &#x43E;&#x434;&#x430;&#x440;&#x435;&#x43D;&#x43D;&#x44B;&#x43C;&#x438; &#x434;&#x435;&#x442;&#x44C;&#x43C;&#x438; &#x44F;&#x432;&#x43B;&#x44F;&#x435;&#x442;&#x441;&#x44F; &#x43A;&#x43E;&#x43C;&#x43F;&#x43B;&#x435;&#x43A;&#x441; &#x43C;&#x435;&#x440;&#x43E;&#x43F;&#x440;&#x438;&#x44F;&#x442;&#x438;&#x439;, &#x43D;&#x430;&#x43F;&#x440;&#x430;&#x432;&#x43B;&#x435;&#x43D;&#x43D;&#x44B;&#x445; &#x43D;&#x430; &#x443;&#x43A;&#x440;&#x435;&#x43F;&#x43B;&#x435;&#x43D;&#x438;&#x435; &#x441;&#x43E;&#x442;&#x440;&#x443;&#x434;&#x43D;&#x438;&#x447;&#x435;&#x441;&#x442;&#x432;&#x430; &#x441; &#x441;&#x435;&#x43C;&#x44C;&#x44F;&#x43C;&#x438; &#x441;&#x43F;&#x43E;&#x441;&#x43E;&#x431;&#x43D;&#x44B;&#x445; &#x434;&#x435;&#x442;&#x435;&#x439;. &#x412; &#x441;&#x435;&#x43C;&#x44C;&#x435; &#x43F;&#x440;&#x43E;&#x438;&#x441;&#x445;&#x43E;&#x434;&#x438;&#x442; &#x444;&#x43E;&#x440;&#x43C;&#x438;&#x440;&#x43E;&#x432;&#x430;&#x43D;&#x438;&#x435; &#x43B;&#x438;&#x447;&#x43D;&#x43E;&#x441;&#x442;&#x43D;&#x44B;&#x445; &#x43A;&#x430;&#x447;&#x435;&#x441;&#x442;&#x432; &#x438; &#x442;&#x432;&#x43E;&#x440;&#x447;&#x435;&#x441;&#x43A;&#x438;&#x445; &#x441;&#x43F;&#x43E;&#x441;&#x43E;&#x431;&#x43D;&#x43E;&#x441;&#x442;&#x435;&#x439; &#x440;&#x435;&#x431;&#x435;&#x43D;&#x43A;&#x430;, &#x43F;&#x43E;&#x44D;&#x442;&#x43E;&#x43C;&#x443; &#x43F;&#x440;&#x430;&#x43A;&#x442;&#x438;&#x447;&#x435;&#x441;&#x43A;&#x430;&#x44F; &#x437;&#x430;&#x434;&#x430;&#x447;&#x430; &#x43F;&#x435;&#x434;&#x430;&#x433;&#x43E;&#x433;&#x43E;&#x432; - &#x43E;&#x43A;&#x430;&#x437;&#x430;&#x43D;&#x438;&#x435; &#x43F;&#x441;&#x438;&#x445;&#x43E;&#x43B;&#x43E;&#x433;&#x43E;-&#x43F;&#x435;&#x434;&#x430;&#x433;&#x43E;&#x433;&#x438;&#x447;&#x435;&#x441;&#x43A;&#x43E;&#x439; &#x43F;&#x43E;&#x434;&#x434;&#x435;&#x440;&#x436;&#x43A;&#x438; &#x441;&#x435;&#x43C;&#x44C;&#x44F;&#x43C;, &#x438;&#x43C;&#x435;&#x44E;&#x449;&#x438;&#x43C; &#x441;&#x43F;&#x43E;&#x441;&#x43E;&#x431;&#x43D;&#x44B;&#x445; &#x438; &#x43E;&#x434;&#x430;&#x440;&#x435;&#x43D;&#x43D;&#x44B;&#x445; &#x434;&#x435;&#x442;&#x435;&#x439;</subfield>
  </datafield>
  <datafield tag="606" ind1="1" ind2=" ">
    <subfield code="a">&#x421;&#x435;&#x43C;&#x44C;&#x438;, &#x432;&#x43E;&#x441;&#x43F;&#x438;&#x442;&#x44B;&#x432;&#x430;&#x44E;&#x449;&#x438;&#x435; &#x43E;&#x434;&#x430;&#x440;&#x435;&#x43D;&#x43D;&#x44B;&#x445; &#x434;&#x435;&#x442;&#x435;&#x439;</subfield>
    <subfield code="x">&#x41F;&#x435;&#x434;&#x430;&#x433;&#x43E;&#x433;&#x438;&#x447;&#x435;&#x441;&#x43A;&#x430;&#x44F; &#x43F;&#x43E;&#x434;&#x434;&#x435;&#x440;&#x436;&#x43A;&#x430;</subfield>
    <subfield code="j">&#x423;&#x447;&#x435;&#x431;&#x43D;&#x44B;&#x435; &#x438;&#x437;&#x434;&#x430;&#x43D;&#x438;&#x44F;</subfield>
    <subfield code="2">nlr_sh2</subfield>
    <subfield code="3">RU\NLR\AUTH\6601702195</subfield>
  </datafield>
  <datafield tag="606" ind1="1" ind2=" ">
    <subfield code="a">&#x41E;&#x434;&#x430;&#x440;&#x435;&#x43D;&#x43D;&#x44B;&#x435; &#x434;&#x435;&#x442;&#x438;</subfield>
    <subfield code="x">&#x412;&#x43E;&#x441;&#x43F;&#x438;&#x442;&#x430;&#x43D;&#x438;&#x435; &#x432; &#x441;&#x435;&#x43C;&#x44C;&#x435;</subfield>
    <subfield code="j">&#x423;&#x447;&#x435;&#x431;&#x43D;&#x44B;&#x435; &#x438;&#x437;&#x434;&#x430;&#x43D;&#x438;&#x44F;</subfield>
    <subfield code="2">nlr_sh2</subfield>
    <subfield code="3">RU\NLR\AUTH\6601702196</subfield>
  </datafield>
  <datafield tag="686" ind1="1" ind2=" ">
    <subfield code="a">&#x427;491.95&#x44F;7</subfield>
  </datafield>
  <datafield tag="686" ind1="1" ind2=" ">
    <subfield code="a">&#x427;491.03&#x44F;7</subfield>
  </datafield>
  <datafield tag="686" ind1="1" ind2=" ">
    <subfield code="a">&#x42E;984.92&#x44F;7</subfield>
  </datafield>
  <datafield tag="700" ind1=" " ind2="1">
    <subfield code="a">&#x411;&#x430;&#x439;&#x43C;&#x443;&#x440;&#x437;&#x430;&#x435;&#x432;&#x430;</subfield>
    <subfield code="b">&#x428;. &#x411;.</subfield>
    <subfield code="g">&#x428;&#x430;&#x433;&#x430;&#x43D;&#x438; &#x411;&#x430;&#x439;&#x43C;&#x443;&#x440;&#x437;&#x430;&#x435;&#x432;&#x43D;&#x430;</subfield>
  </datafield>
  <datafield tag="942" ind1=" " ind2=" ">
    <subfield code="c">BOOK</subfield>
  </datafield>
  <datafield tag="980" ind1=" " ind2=" ">
    <subfield code="a">NBR</subfield>
  </datafield>
  <datafield tag="980" ind1=" " ind2=" ">
    <subfield code="a">NB</subfield>
  </datafield>
</record>
